000 00487nam a2200157Ia 4500
008 210210b2003 xxu||||| |||| 00| 0 eng d
020 _a1403 91102 9
082 _a158.1 KHEL
100 _aKHERA (Shiv).
245 _aLiving with honour. what's easy to see is easy to miss.
260 _aDelhi.
_bMacmillan India Ltd.
_c2003
300 _axii,202
650 _aHonour Success Grace Character Reputations Leaders Corruption Justice
690 _aApplied Psychology
906 _a058478
999 _c105901
_d105901